[Event "Stjernen CC-ch A"]
[Site "Oslo"]
[Date "2016.??.??"]
[Round "4"]
[White "Wasshaug, Espen"]
[Black "Kvisla, Johannes Luangtep"]
[Result "0-1"]
[WhiteElo "1859"]
[BlackElo "2241"]
[PlyCount "52"]
[EventDate "2016.02.02"]
[EventType "swiss"]
[EventRounds "9"]
[EventCountry "NOR"]
[SourceTitle "EXT 2024"]
[Source "ChessBase"]
[SourceDate "2023.10.10"]
[SourceVersion "1"]
[SourceVersionDate "2023.10.10"]
[SourceQuality "1"]

1. d4 Nf6 2. c4 e6 3. Nc3 Bb4 4. e3 b6 5. Nf3 Bb7 6. Bd3 Bxc3+ 7. bxc3 Be4 8. 0-0 0-0 9. Qc2 Bxd3 10. Qxd3 d6 11. e4 e5 12. Nh4 Nc6 13. Nf5 Ne8 14. Qg3 Ne7 15. dxe5 Nxf5 16. exf5 dxe5 17. Qxe5 Nd6 18. Rd1 Re8 19. Qg3 Qf6 20. Ba3 Nxc4 21. Bc1 c5 22. Bf4 Qxf5 23. h4 h5 24. a4 Re4 25. Bg5 Rae8 26. Qd3 Re1+ 0-1

[Event "Stjernen CC-ch"]
[Site "Oslo"]
[Date "2011.02.08"]
[Round "1"]
[White "Svanholm, Borge Waaktaar"]
[Black "Wasshaug, Espen"]
[Result "0-1"]
[WhiteElo "1785"]
[BlackElo "1614"]
[PlyCount "94"]
[EventDate "2011.02.08"]
[EventType "swiss"]
[EventRounds "9"]
[EventCountry "NOR"]
[SourceTitle "EXT 2024"]
[Source "ChessBase"]
[SourceDate "2023.10.10"]
[SourceVersion "1"]
[SourceVersionDate "2023.10.10"]
[SourceQuality "1"]

1. c4 c6 2. d4 d5 3. Nf3 Nf6 4. Nc3 e6 5. e3 Nbd7 6. Bd3 dxc4 7. Bxc4 b5 8. Bd3 Bb7 9. 0-0 b4 10. Na4 c5 11. dxc5 Bxc5 12. b3 0-0 13. Bb2 e5 14. Be2 Qe7 15. Rc1 Rfd8 16. Nxc5 Nxc5 17. Qc2 Rac8 18. Qf5 e4 19. Bxf6 Qxf6 20. Qxf6 gxf6 21. Nd4 Nd3 22. Rcd1 Rd5 23. Rd2 Rdc5 24. f3 f5 25. Rfd1 Ba6 26. Nxf5 Rxf5 27. fxe4 Rf2 28. Bxd3 Rxd2 29. Rxd2 Rd8 30. Bxa6 Rxd2 31. Bc4 Rxa2 32. g4 Kf8 33. h4 Rc2 34. Bd5 Re2 35. Kf1 Rxe3 36. Kf2 Rc3 37. h5 f6 38. Be6 Ke7 39. Bg8 h6 40. Bd5 Kd6 41. Bg8 Ke5 42. Ke2 Rg3 43. Bd5 Kd4 44. Kf2 Rxg4 45. Kf3 Rh4 46. Kg3 Rxe4 47. Bxe4 Kxe4 0-1

[Event "Hamar CC-ch"]
[Site "Hamar"]
[Date "2009.02.12"]
[Round "3"]
[White "Wasshaug, Espen"]
[Black "Allsted, Tom"]
[Result "0-1"]
[WhiteElo "1684"]
[BlackElo "1255"]
[PlyCount "80"]
[EventDate "2009.01.08"]
[EventType "swiss"]
[EventRounds "9"]
[EventCountry "NOR"]
[SourceTitle "EXT 2024"]
[Source "ChessBase"]
[SourceDate "2023.10.10"]
[SourceVersion "1"]
[SourceVersionDate "2023.10.10"]
[SourceQuality "1"]

1. e4 e5 2. Nf3 d6 3. Bc4 Nc6 4. 0-0 Bg4 5. c3 Be7 6. Qb3 Na5 7. Bxf7+ Kf8 8. Qa4 c6 9. b4 b5 10. Qxa5 Kxf7 11. Qxd8 Bxd8 12. a4 Bxf3 13. gxf3 Ne7 14. axb5 cxb5 15. Na3 a6 16. Nxb5 Ke6 17. Na3 Rf8 18. Nc2 Rxf3 19. Kg2 Rf6 20. Ne3 Ng6 21. Nd5 Nf4+ 22. Nxf4+ Rxf4 23. d3 Rf7 24. f4 exf4 25. Bxf4 Bf6 26. Bd2 h6 27. Ra3 Rfa7 28. Rfa1 g5 29. R1a2 h5 30. c4 Bd4 31. Bxg5 Rg7 32. h4 Rf8 33. Rxa6 Rf4 34. Kh2 Rf3 35. R6a3 Rgf7 36. Rg2 Be5+ 37. Kh1 Rh3+ 38. Kg1 Bd4+ 39. Rf2 Rxf2 40. Ra8 Ra2+ 0-1

[Event "Hamar op"]
[Site "Hamar"]
[Date "2008.09.04"]
[Round "1"]
[White "Ormasen, Odd Steinar"]
[Black "Wasshaug, Espen"]
[Result "0-1"]
[WhiteElo "1752"]
[BlackElo "1604"]
[PlyCount "106"]
[EventDate "2008.09.04"]
[EventType "swiss"]
[EventRounds "7"]
[EventCountry "NOR"]
[SourceTitle "EXT 2024"]
[Source "ChessBase"]
[SourceDate "2023.10.10"]
[SourceVersion "1"]
[SourceVersionDate "2023.10.10"]
[SourceQuality "1"]

1. e4 d6 2. d4 Nf6 3. Bd3 Nc6 4. Ne2 e5 5. c3 Be7 6. d5 Nb8 7. c4 a5 8. Nbc3 0-0 9. 0-0 Bg4 10. Qb3 Na6 11. Ng3 Nc5 12. Qc2 Nxd3 13. Qxd3 g6 14. h3 Bc8 15. f4 exf4 16. Bxf4 Nd7 17. Nf5 Bg5 18. Qg3 Bxf4 19. Rxf4 Kh8 20. Nd4 Ne5 21. b3 g5 22. Rf2 g4 23. Nf5 Bxf5 24. Rxf5 gxh3 25. Qxh3 Rg8 26. Rh5 Rg7 27. Rf1 c6 28. Ne2 Qb6+ 29. Kh1 Ng4 30. Qf3 Rag8 31. Rh3 Qd8 32. dxc6 bxc6 33. Nd4 Qg5 34. Nxc6 Ne3 35. Rg1 Nxg2 36. Qf2 Qg4 37. Rh2 Qxe4 38. Rhxg2 Qxc6 39. Kh2 Rxg2+ 40. Rxg2 Rxg2+ 41. Qxg2 Qxg2+ 42. Kxg2 Kg7 43. a3 Kf6 44. b4 axb4 45. axb4 Ke6 46. Kf3 Kd7 47. Ke4 Kc6 48. b5+ Kc5 49. Kf5 d5 50. b6 Kxb6 51. cxd5 Kc7 52. Kf6 Kd6 53. Kxf7 h5 0-1

[Event "Hamar CC-ch"]
[Site "Hamar"]
[Date "2008.03.06"]
[Round "5"]
[White "Ormasen, Odd Steinar"]
[Black "Wasshaug, Espen"]
[Result "1-0"]
[WhiteElo "1791"]
[BlackElo "1363"]
[PlyCount "74"]
[EventDate "2008.01.03"]
[EventType "swiss"]
[EventRounds "9"]
[EventCountry "NOR"]
[SourceTitle "EXT 2024"]
[Source "ChessBase"]
[SourceDate "2023.10.10"]
[SourceVersion "1"]
[SourceVersionDate "2023.10.10"]
[SourceQuality "1"]

1. e4 Nf6 2. e5 Nd5 3. d4 d6 4. exd6 exd6 5. c4 Nb6 6. Nc3 Be7 7. Nf3 Bg4 8. Be2 Nc6 9. d5 Bxf3 10. Bxf3 Ne5 11. Be2 0-0 12. b3 Nbd7 13. 0-0 Bf6 14. Bb2 a5 15. Kh1 Nc5 16. Qc2 Re8 17. a3 Ng6 18. Rae1 Be5 19. b4 axb4 20. axb4 Nd7 21. Bd3 Nb6 22. Nb5 c6 23. dxc6 bxc6 24. Bxe5 cxb5 25. Bxd6 Rxe1 26. Rxe1 Nxc4 27. Bc5 Qd5 28. Be4 Qe5 29. Bd4 Qe6 30. g3 Re8 31. Re2 Nd6 32. Bf3 Qd7 33. Rxe8+ Qxe8 34. Bc5 Nb7 35. Bxb7 h6 36. Bd5 Qd8 37. Qe4 Nf8 1-0

[Event "Hamar CC-ch"]
[Site "Hamar"]
[Date "2008.02.14"]
[Round "3"]
[White "Storli, Frode"]
[Black "Wasshaug, Espen"]
[Result "1-0"]
[WhiteElo "1424"]
[BlackElo "1363"]
[PlyCount "95"]
[EventDate "2008.01.03"]
[EventType "swiss"]
[EventRounds "9"]
[EventCountry "NOR"]
[SourceTitle "EXT 2024"]
[Source "ChessBase"]
[SourceDate "2023.10.10"]
[SourceVersion "1"]
[SourceVersionDate "2023.10.10"]
[SourceQuality "1"]

1. d4 e6 2. c4 d5 3. e3 Nf6 4. Nf3 b6 5. Qa4+ Bd7 6. Qc2 c5 7. dxc5 Bxc5 8. Ne5 Nc6 9. Nxd7 Qxd7 10. cxd5 Nxd5 11. Bd2 Rc8 12. Bb5 0-0 13. 0-0 Rfd8 14. a3 Qb7 15. Nc3 Ne5 16. Rad1 Nf6 17. Qa4 Qc7 18. h3 Qe7 19. Ne4 Nxe4 20. Qxe4 Ng6 21. Bc3 Bxa3 22. Rxd8+ Qxd8 23. Qa4 Bc5 24. Qxa7 Qg5 25. Qb7 Rd8 26. Bc4 h5 27. Bxe6 Ne5 28. Bb3 Rd7 29. Qb8+ Bf8 30. Qxe5 Qg6 31. Ra1 Rd8 32. Rc1 Bd6 33. Qb5 Bc5 34. Bc2 Qe6 35. b4 Bd6 36. Qxh5 Bc7 37. Qh7+ Kf8 38. Qxg7+ Ke7 39. Qg5+ Ke8 40. Ba4+ Rd7 41. Bxd7+ Qxd7 42. Qg4 Qd6 43. Qc8+ Bd8 44. b5 Ke7 45. Qg4 Ke8 46. Qe4+ Kd7 47. Qd4 Bc7 48. Qxd6+ 1-0